[Event "Titled Tuesday intern op 16th Apr Early"]
[Site "Chess.com INT"]
[Date "2024.04.16"]
[Round "9"]
[White "Galaktionov, Artem"]
[Black "Nazari, Arad"]
[Result "1/2-1/2"]
[WhiteElo "2338"]
[BlackElo "2370"]
[PlyCount "137"]
[EventDate "2024.04.16"]
[EventType "swiss (blitz)"]
[EventRounds "11"]
[EventCountry "USA"]
[SourceTitle "CB17_2024"]
[SourceDate "2024.04.24"]
[SourceVersion "1"]
[SourceVersionDate "2024.04.24"]
[SourceQuality "1"]

1. d4 Nf6 2. Nf3 g6 3. c4 Bg7 4. Nc3 d5 5. cxd5 Nxd5 6. e4 Nxc3 7. bxc3 0-0 8. Be3 c5 9. Qd2 Qa5 10. Rc1 Rd8 11. Bg5 Nc6 12. d5 Bg4 13. Be2 Rd7 14. 0-0 Bxf3 15. Bxf3 Ne5 16. Be2 e6 17. Rfd1 exd5 18. exd5 c4 19. f4 Nd3 20. Bxd3 Qxd5 21. f5 cxd3 22. f6 Bf8 23. Kh1 b5 24. Bh6 Rd6 25. Rf1 Qh5 26. Bxf8 Rxf8 27. Rce1 Qh4 28. Rf4 Qg5 29. h4 Qh6 30. Qf2 d2 31. Rd1 Rfd8 32. Rd4 Rxd4 33. cxd4 g5 34. Rxd2 Qxh4+ 35. Qxh4 gxh4 36. d5 Rd6 37. Kh2 Kf8 38. Kh3 Rxf6 39. Kxh4 Ke7 40. Kg5 Rg6+ 41. Kf5 Kd6 42. g4 h6 43. a4 Rg5+ 44. Kf6 bxa4 45. Rd4 a5 46. Rxa4 Rxd5 47. Kxf7 Kc6 48. Kg6 Kb5 49. Rxa5+ Kxa5 50. Kxh6 Rd6+ 51. Kh7 Rd5 52. Kh6 Rd6+ 53. Kh7 Rd7+ 54. Kh6 Rd1 55. g5 Rh1+ 56. Kg7 Kb6 57. g6 Kc6 58. Kf7 Rf1+ 59. Ke7 Rg1 60. Kf7 Kd7 61. g7 Rf1+ 62. Kg6 Rg1+ 63. Kf7 Rf1+ 64. Kg6 Ke7 65. g8Q Rg1+ 66. Kh7 Rh1+ 67. Kg7 Rg1+ 68. Kh8 Rxg8+ 69. Kxg8 1/2-1/2

[Event "Titled Tuesday intern op 16th Apr Early"]
[Site "Chess.com INT"]
[Date "2024.04.16"]
[Round "11"]
[White "Galaktionov, Artem"]
[Black "Paravyan, David"]
[Result "1/2-1/2"]
[WhiteElo "2338"]
[BlackElo "2606"]
[PlyCount "86"]
[EventDate "2024.04.16"]
[EventType "swiss (blitz)"]
[EventRounds "11"]
[EventCountry "USA"]
[SourceTitle "CB17_2024"]
[SourceDate "2024.04.24"]
[SourceVersion "1"]
[SourceVersionDate "2024.04.24"]
[SourceQuality "1"]

1. d4 d5 2. c4 dxc4 3. e3 Nf6 4. Bxc4 e6 5. Nf3 a6 6. 0-0 c5 7. dxc5 Bxc5 8. Qxd8+ Kxd8 9. Rd1+ Ke7 10. Nbd2 Rd8 11. Be2 Nc6 12. Ne1 Ne5 13. b3 Bd7 14. Bb2 Bd6 15. Nd3 Nxd3 16. Bxd3 Bb5 17. Nc4 Bxc4 18. Bxc4 g6 19. h3 Rac8 20. Rac1 Ne4 21. Kf1 f5 22. Ke2 Nc5 23. Bd3 Nxd3 24. Rxd3 Rxc1 25. Bxc1 Rc8 26. Kd1 e5 27. Bb2 e4 28. Rc3 Rxc3 29. Bxc3 Ke6 30. Ke2 h5 31. f3 Kd5 32. f4 b5 33. h4 Bc7 34. g3 a5 35. Kd2 a4 36. Ke2 axb3 37. axb3 Bd6 38. Kd2 Bc5 39. Ke2 Bd6 40. Kd2 Bc5 41. Ke2 Be7 42. Kd2 Ba3 43. Ke2 Bd6 1/2-1/2

[Event "Titled Tuesday intern op 02nd Apr Late"]
[Site "Chess.com INT"]
[Date "2024.04.02"]
[Round "5"]
[White "Galaktionov, Artem"]
[Black "Grinev, Valeriy"]
[Result "1-0"]
[WhiteElo "2338"]
[BlackElo "2422"]
[PlyCount "39"]
[EventDate "2024.04.02"]
[EventType "swiss (blitz)"]
[EventRounds "11"]
[EventCountry "USA"]
[SourceTitle "CB15_2024"]
[SourceDate "2024.04.10"]
[SourceVersion "1"]
[SourceVersionDate "2024.04.10"]
[SourceQuality "1"]

1. d4 d5 2. c4 e6 3. Nf3 Nf6 4. Nc3 a6 5. cxd5 exd5 6. Bg5 Be6 7. e3 Nbd7 8. Bd3 Bd6 9. h3 c6 10. 0-0 Qc7 11. Qd2 0-0 12. Rfc1 Rfe8 13. Bf4 Bxf4 14. exf4 g6 15. Ne5 Nf8 16. g4 Qd6 17. f5 Bd7 18. Qf4 gxf5 19. gxf5 Re7 20. Qg3+ 1-0

[Event "Titled Tuesday intern op 02nd Apr Early"]
[Site "Chess.com INT"]
[Date "2024.04.02"]
[Round "5"]
[White "Galaktionov, Artem"]
[Black "Hajiyev, Kanan"]
[Result "1-0"]
[WhiteElo "2338"]
[BlackElo "2099"]
[PlyCount "69"]
[EventDate "2024.04.02"]
[EventType "swiss (blitz)"]
[EventRounds "11"]
[EventCountry "USA"]
[SourceTitle "CB15_2024"]
[SourceDate "2024.04.10"]
[SourceVersion "1"]
[SourceVersionDate "2024.04.10"]
[SourceQuality "1"]

1. d4 d5 2. c4 c6 3. Nf3 Nf6 4. Qb3 a6 5. Nc3 g6 6. Bg5 Bg7 7. e3 e6 8. Bd3 0-0 9. 0-0 h6 10. Bh4 Nbd7 11. Rfd1 Qc7 12. Bg3 Qb6 13. c5 Qxb3 14. axb3 Re8 15. b4 Nh5 16. Bd6 e5 17. Bf1 exd4 18. exd4 Nhf6 19. b5 Ne4 20. bxc6 bxc6 21. Bc7 f5 22. Na2 g5 23. Nb4 Bb7 24. Bxa6 Bxa6 25. Rxa6 Rxa6 26. Nxa6 g4 27. Nh4 Ra8 28. Nb4 Ra7 29. Bd8 Rb7 30. Ba5 Rb5 31. Nxc6 f4 32. b4 h5 33. Ne7+ Kf7 34. Nxd5 Ndf6 35. Nc7 1-0

[Event "Titled Tuesday intern op 02nd Apr Late"]
[Site "Chess.com INT"]
[Date "2024.04.02"]
[Round "8"]
[White "Galaktionov, Artem"]
[Black "Kamsky, Gata"]
[Result "1/2-1/2"]
[WhiteElo "2338"]
[BlackElo "2610"]
[PlyCount "155"]
[EventDate "2024.04.02"]
[EventType "swiss (blitz)"]
[EventRounds "11"]
[EventCountry "USA"]
[SourceTitle "CB15_2024"]
[SourceDate "2024.04.10"]
[SourceVersion "1"]
[SourceVersionDate "2024.04.10"]
[SourceQuality "1"]

1. d4 f5 2. c4 Nf6 3. Nf3 g6 4. g3 Bg7 5. Bg2 d6 6. 0-0 0-0 7. Nc3 c6 8. Qb3 Kh8 9. Bf4 a5 10. d5 Nh5 11. Be3 c5 12. Rad1 Na6 13. Bc1 f4 14. Ng5 Nc7 15. Nb5 a4 16. Qd3 Nxb5 17. cxb5 Qe8 18. Ne6 Bxe6 19. dxe6 Ra5 20. b6 Qb5 21. Bxb7 Qxd3 22. Rxd3 Rb5 23. Bd5 Rxb6 24. b3 axb3 25. axb3 Be5 26. Bc4 Kg7 27. Kg2 g5 28. Rg1 Kf6 29. Rf1 Ng7 30. e3 Nxe6 31. exf4 gxf4 32. Re1 fxg3 33. hxg3 Nc7 34. f4 Bd4 35. Be3 d5 36. Rxd4 dxc4 37. Rxc4 Rxb3 38. Bxc5 Ne6 39. Bf2 Rd8 40. Re2 Rd6 41. Rce4 h5 42. Kh3 Rb5 43. Kh4 Rbd5 44. Re5 Kf7 45. Kxh5 Rxe5+ 46. Rxe5 Rd2 47. Be3 Re2 48. Kg4 Ng7 49. Kf3 Re1 50. Rb5 Ne8 51. g4 Nd6 52. Rb3 Nc4 53. Bd4 Nd2+ 54. Kf2 Nxb3 55. Kxe1 Nxd4 56. Kf2 Kf6 57. Ke3 Ne6 58. Ke4 Nc5+ 59. Kd5 Nd7 60. Ke4 Nf8 61. Kd4 e6 62. Ke4 Nd7 63. Kd4 Kg6 64. Ke4 Kf6 65. Kd4 Nb6 66. Ke4 Nc4 67. Kd4 Nd2 68. Ke3 Nf1+ 69. Ke4 Nh2 70. g5+ Kg6 71. Ke5 Kf7 72. g6+ Ke7 73. g7 Ng4+ 74. Ke4 Nh6 75. Ke5 Kf7 76. g8Q+ Nxg8 77. f5 exf5 78. Kxf5 1/2-1/2

[Event "Titled Tuesday intern op 12th Mar Early"]
[Site "Chess.com INT"]
[Date "2024.03.12"]
[Round "11"]
[White "Finek, Vaclav"]
[Black "Galaktionov, Artem"]
[Result "1-0"]
[WhiteElo "2436"]
[BlackElo "2305"]
[PlyCount "123"]
[EventDate "2024.03.12"]
[EventType "swiss (blitz)"]
[EventRounds "11"]
[EventCountry "USA"]
[SourceTitle "CB12_2024"]
[SourceDate "2023.10.01"]
[SourceVersion "1"]
[SourceVersionDate "2023.10.01"]
[SourceQuality "1"]

1. d4 c6 2. c4 g6 3. Nf3 d6 4. Nc3 Bg7 5. g3 Nd7 6. Bg2 Ngf6 7. 0-0 0-0 8. e4 e5 9. Re1 a5 10. h3 exd4 11. Nxd4 Nc5 12. Bf4 Nh5 13. Be3 a4 14. Qd2 Re8 15. Rad1 Qa5 16. Nde2 Rd8 17. g4 Nf6 18. e5 Ne8 19. exd6 Rxd6 20. Qc2 Be6 21. b3 axb3 22. axb3 Qb4 23. Bxc5 Qxc5 24. Ne4 Rxd1 25. Rxd1 Qb4 26. Nf4 Nc7 27. Nd3 Qe7 28. Ndc5 b6 29. Na4 Rb8 30. Nac3 Rd8 31. Rxd8+ Qxd8 32. Ne2 c5 33. Qd2 Qxd2 34. Nxd2 Bd7 35. Ne4 Ne6 36. N4c3 Nd4 37. Nxd4 Bxd4 38. Nd5 b5 39. Ne7+ Kf8 40. Nc6 bxc4 41. bxc4 Bc3 42. Na7 f5 43. gxf5 Bxf5 44. Nb5 Be5 45. Na7 Kf7 46. Nc6 Bc3 47. Bd5+ Kf6 48. Kg2 h6 49. h4 h5 50. Kg3 Bd3 51. Kf3 Bd2 52. Nb8 Ke7 53. Nc6+ Kd6 54. Nd8 Kd7 55. Ne6 Kd6 56. Nd8 Kd7 57. Ne6 Bb4 58. Nf4 Bf5 59. Be4 Bxe4+ 60. Kxe4 Be1 61. Nd3 Kd6 62. Nxe1 1-0

[Event "Titled Tuesday intern op 12th Mar Early"]
[Site "Chess.com INT"]
[Date "2024.03.12"]
[Round "7"]
[White "Galaktionov, Artem"]
[Black "Karamsetty, Jeevan"]
[Result "1-0"]
[WhiteElo "2305"]
[BlackElo "2187"]
[PlyCount "127"]
[EventDate "2024.03.12"]
[EventType "swiss (blitz)"]
[EventRounds "11"]
[EventCountry "USA"]
[SourceTitle "CB12_2024"]
[SourceDate "2023.10.01"]
[SourceVersion "1"]
[SourceVersionDate "2023.10.01"]
[SourceQuality "1"]

1. d4 g6 2. Nf3 d6 3. c4 Bg7 4. Nc3 Nc6 5. d5 Ne5 6. Nxe5 Bxe5 7. e4 Nf6 8. Bd3 0-0 9. f4 Bd4 10. Ne2 Bb6 11. h3 e6 12. Qc2 exd5 13. cxd5 Re8 14. Bd2 Qe7 15. Ng3 Nxe4 16. Bxe4 Qh4 17. Qd3 f5 18. 0-0-0 fxe4 19. Nxe4 Bf5 20. Rde1 Re7 21. g4 Bxe4 22. Rxe4 Rae8 23. Rhe1 Rxe4 24. Rxe4 Re7 25. Qe2 Kf8 26. Rxe7 Qxe7 27. Qxe7+ Kxe7 28. Kc2 Bd4 29. b3 h5 30. Kd3 hxg4 31. hxg4 Bb2 32. Ke4 c5 33. f5 gxf5+ 34. Kxf5 b5 35. Bg5+ Kf7 36. Ke4 Be5 37. Be3 Bg3 38. Kf5 a5 39. g5 a4 40. bxa4 bxa4 41. g6+ Kg7 42. Bd2 Be5 43. Be3 c4 44. Bg5 c3 45. Be3 c2 46. Bc1 Bc3 47. Ke4 Kxg6 48. Kd3 Bb4 49. Kxc2 Kf5 50. Kd3 Bc5 51. Kc4 a3 52. Kb5 Ke5 53. Kc6 Kf6 54. Bf4 Ke7 55. Bg5+ Kf7 56. Kd7 Kg6 57. Bf4 Kf5 58. Bxd6 Ke4 59. Kc6 Bd4 60. Bxa3 Bf6 61. Bc5 Kd3 62. a4 Kc4 63. a5 Bd8 64. a6 1-0

[Event "Titled Tuesday intern op 12th Mar Early"]
[Site "Chess.com INT"]
[Date "2024.03.12"]
[Round "3"]
[White "Galaktionov, Artem"]
[Black "Sihite, Chelsie Monica"]
[Result "1-0"]
[WhiteElo "2305"]
[BlackElo "2245"]
[PlyCount "161"]
[EventDate "2024.03.12"]
[EventType "swiss (blitz)"]
[EventRounds "11"]
[EventCountry "USA"]
[SourceTitle "CB12_2024"]
[SourceDate "2023.10.01"]
[SourceVersion "1"]
[SourceVersionDate "2023.10.01"]
[SourceQuality "1"]

1. d4 Nf6 2. Nf3 b6 3. c4 Bb7 4. g3 e6 5. Bg2 Be7 6. Nc3 0-0 7. Qc2 d5 8. cxd5 exd5 9. 0-0 c5 10. Rd1 Nc6 11. dxc5 bxc5 12. Bg5 d4 13. Na4 Nb4 14. Qc1 Rc8 15. b3 Nbd5 16. Ne5 Qc7 17. Nc4 h6 18. Bd2 Qb8 19. Nab2 Nb6 20. Bf4 Qa8 21. Bxb7 Qxb7 22. e3 Rfd8 23. exd4 cxd4 24. Be5 Ng4 25. Bxd4 Rxd4 26. Rxd4 Ne5 27. Nxe5 Rxc1+ 28. Rxc1 Ba3 29. Rc2 Bxb2 30. Rxb2 Qe7 31. Nf3 Qf6 32. Kg2 g5 33. h3 Qc6 34. Rbd2 Kg7 35. g4 Nc8 36. Rc4 Qb7 37. Rcd4 Qc6 38. Rd7 Nb6 39. R7d6 Qb7 40. R2d3 a5 41. a4 Nc8 42. Rd7 Qc6 43. Kg3 Qe6 44. h4 Qf6 45. hxg5 hxg5 46. R3d4 Kg6 47. Rd8 Qa6 48. Rg8+ Kh7 49. Rxg5 Ne7 50. Rd1 Ng6 51. Rh5+ Kg7 52. Rf5 Qb7 53. Rd3 Qb8+ 54. Kg2 Nf4+ 55. Rxf4 Qxf4 56. Rd4 Qf6 57. g5 Qe6 58. Kg3 Qxb3 59. Kf4 Qb8+ 60. Ne5 Qb7 61. f3 Qc7 62. Rd7 Qc1+ 63. Kg4 Qg1+ 64. Kf5 Qb1+ 65. Kf4 Qb4+ 66. Kg3 Qe1+ 67. Kf4 Qb4+ 68. Kf5 Qxa4 69. Rxf7+ Kg8 70. Ra7 Qc2+ 71. Kf6 Qc8 72. Rg7+ Kf8 73. Ng6+ Ke8 74. Rg8+ Kd7 75. Ne5+ Kc7 76. Rxc8+ Kxc8 77. g6 a4 78. g7 a3 79. g8Q+ Kc7 80. Qa2 Kb6 81. Qxa3 1-0

[Event "Titled Tuesday intern op 12th Mar Early"]
[Site "Chess.com INT"]
[Date "2024.03.12"]
[Round "8"]
[White "Godzwon, Iwo"]
[Black "Galaktionov, Artem"]
[Result "1/2-1/2"]
[WhiteElo "2398"]
[BlackElo "2305"]
[PlyCount "108"]
[EventDate "2024.03.12"]
[EventType "swiss (blitz)"]
[EventRounds "11"]
[EventCountry "USA"]
[SourceTitle "CB12_2024"]
[SourceDate "2023.10.01"]
[SourceVersion "1"]
[SourceVersionDate "2023.10.01"]
[SourceQuality "1"]

1. e4 c6 2. d4 g6 3. Nc3 Bg7 4. f4 d6 5. Be3 Nd7 6. Nf3 e5 7. Qd2 Ngf6 8. dxe5 dxe5 9. Nxe5 Nxe5 10. Qxd8+ Kxd8 11. fxe5 Ng4 12. Bg5+ Ke8 13. Bc4 Nxe5 14. Bb3 h6 15. Bf4 Ke7 16. 0-0 Be6 17. Rad1 Rad8 18. Be3 b6 19. h3 Nc4 20. Bc1 b5 21. Rd3 Ne5 22. Rxd8 Rxd8 23. Be3 Nc4 24. Bxa7 Nxb2 25. Bc5+ Kd7 26. Ne2 Na4 27. Rd1+ Ke8 28. Rxd8+ Kxd8 29. Bxe6 fxe6 30. Be3 Kd7 31. Kf2 Kd6 32. Kf3 c5 33. h4 b4 34. Nf4 Nc3 35. Nxg6 Nxa2 36. Bf4+ Kc6 37. Be5 Bxe5 38. Nxe5+ Kd6 39. Nc4+ Ke7 40. g4 Kf6 41. Kf4 Nc3 42. g5+ hxg5+ 43. hxg5+ Kg6 44. Ne5+ Kg7 45. Nd3 Ne2+ 46. Ke5 Nd4 47. Nxb4 Kg6 48. Nd3 Nxc2 49. Nxc5 Kxg5 50. Nxe6+ Kg6 51. Kd6 Ne3 52. Nf4+ Kg5 53. Nd5 Nc4+ 54. Ke6 Kg4 1/2-1/2

[Event "Titled Tuesday intern op 12th Mar Early"]
[Site "Chess.com INT"]
[Date "2024.03.12"]
[Round "2"]
[White "Pinero Rodriguez, Carlos Jose"]
[Black "Galaktionov, Artem"]
[Result "1-0"]
[WhiteElo "2284"]
[BlackElo "2305"]
[PlyCount "83"]
[EventDate "2024.03.12"]
[EventType "swiss (blitz)"]
[EventRounds "11"]
[EventCountry "USA"]
[SourceTitle "CB12_2024"]
[SourceDate "2023.10.01"]
[SourceVersion "1"]
[SourceVersionDate "2023.10.01"]
[SourceQuality "1"]

1. e4 c6 2. d4 g6 3. c3 d6 4. Bd3 Bg7 5. h3 Nf6 6. Nf3 Nbd7 7. 0-0 e5 8. Re1 0-0 9. Nbd2 Qc7 10. Nf1 b6 11. Ng3 Bb7 12. Qb3 Rae8 13. Bg5 h6 14. Be3 Kh7 15. Rad1 d5 16. dxe5 Nxe4 17. Nxe4 dxe4 18. Bxe4 Nxe5 19. Nxe5 Bxe5 20. Bf3 Bg7 21. Qc4 Qc8 22. Rd2 c5 23. Bxb7 Qxb7 24. Red1 Re7 25. Qd5 Qc7 26. Qd6 Rfe8 27. Qxc7 Rxc7 28. Rd5 Re4 29. Rd7 Re7 30. Rd8 Bf6 31. R8d5 h5 32. Kf1 Kg7 33. Bf4 Rc6 34. Rd7 Rce6 35. g3 a6 36. R7d6 b5 37. Be3 c4 38. a3 Be5 39. R6d5 Kf6 40. h4 Bxg3 41. Bg5+ Kg7 42. Bxe7 1-0

[Event "Moscow Aeroflot op-A"]
[Site "Moscow"]
[Date "2024.03.06"]
[Round "8"]
[White "Shubin, Kirill"]
[Black "Galaktionov, Artem"]
[Result "1/2-1/2"]
[WhiteElo "2458"]
[BlackElo "2305"]
[PlyCount "177"]
[EventDate "2024.03.03"]
[EventType "swiss"]
[EventRounds "9"]
[EventCountry "RUS"]
[SourceTitle "CB11_2024"]
[SourceDate "2024.03.13"]
[SourceVersion "1"]
[SourceVersionDate "2024.03.13"]
[SourceQuality "1"]

1. e4 c6 2. d4 d5 3. exd5 cxd5 4. Bd3 Nf6 5. c3 Bg4 6. Qb3 Qc7 7. h3 Bd7 8. Nf3 e6 9. 0-0 Bc6 10. Re1 Nbd7 11. Qd1 Bd6 12. Qe2 a6 13. a4 h6 14. Nbd2 Nh5 15. Nf1 Nf4 16. Bxf4 Bxf4 17. Ne3 0-0 18. Ng4 Rae8 19. g3 Bd6 20. Nfe5 f5 21. Nxd7 Qxd7 22. Ne5 Bxe5 23. Qxe5 Bxa4 24. f4 Bb5 25. Bc2 Qd8 26. Kh2 Rf6 27. Rg1 Qb8 28. Qe3 Kh8 29. Rg2 Rg8 30. h4 h5 31. Bd3 Bxd3 32. Qxd3 Rc8 33. Re2 Rc6 34. Re3 Qc7 35. Qe2 g6 36. Kh3 Kg7 37. Ra3 Qd6 38. b4 Rf7 39. Qb2 Rfc7 40. Qa1 Kf7 41. Qb2 Rb6 42. Ra5 Rc4 43. Qd2 Rbc6 44. Qe1 Qc7 45. Ra3 Qc8 46. Qa1 Kf6 47. Rd3 Rc7 48. Re3 Qd7 49. Ra5 Rc8 50. Ra2 Qc7 51. Qe1 Rc6 52. Ra3 Kf7 53. Qa1 Ra8 54. Ra5 Qc8 55. Ra3 Rb6 56. Ra5 Rb5 57. Ra2 Qc4 58. Rae2 Rb6 59. Ra2 Rc6 60. Ra4 Rc7 61. Qe1 Re7 62. Qa1 b6 63. Ra2 Qb5 64. Rae2 a5 65. Rb2 a4 66. Ra2 a3 67. Kg2 Rea7 68. Kf2 Qc4 69. Qb1 Rc8 70. Rf3 Ke7 71. Re3 Kd7 72. Rf3 Rf8 73. Re3 Ra6 74. Rf3 b5 75. Re3 Kc7 76. Qa1 Rfa8 77. Qb1 Kb7 78. Rf3 Rf8 79. Re3 Rfa8 80. Rf3 Rf8 81. Re3 Rfa8 82. Rf3 Rf8 83. Re3 Rfa8 84. Rf3 Rf8 85. Re3 Rd8 86. Rf3 Rda8 87. Re3 Rc6 88. Kg2 Ra4 89. Kf2 1/2-1/2

[Event "Titled Tuesday intern op 27th Feb Late"]
[Site "Chess.com INT"]
[Date "2024.02.27"]
[Round "7"]
[White "Erigaisi, Arjun Kumar"]
[Black "Galaktionov, Artem"]
[Result "1-0"]
[WhiteElo "2738"]
[BlackElo "2305"]
[PlyCount "67"]
[EventDate "2024.02.27"]
[EventType "swiss (blitz)"]
[EventRounds "11"]
[EventCountry "USA"]
[SourceTitle "CB10_2024"]
[SourceDate "2024.03.06"]
[SourceVersion "1"]
[SourceVersionDate "2024.03.06"]
[SourceQuality "1"]

1. c4 c6 2. Nf3 g6 3. e3 Bg7 4. d4 Nf6 5. Nc3 0-0 6. Be2 d6 7. 0-0 Nbd7 8. b4 e5 9. b5 Re8 10. Rb1 c5 11. dxe5 dxe5 12. e4 Qa5 13. Qc2 Nf8 14. Nd5 Nxd5 15. cxd5 Qc7 16. Nd2 Nd7 17. a4 Rf8 18. Nc4 Nb6 19. Ne3 Nd7 20. Ba3 b6 21. Rbd1 Nf6 22. Bb2 Ne8 23. Nc4 Nd6 24. Nxe5 Re8 25. f4 f6 26. Nc4 Nxe4 27. d6 Qd7 28. Bf3 Bb7 29. Rfe1 f5 30. Ne5 Qe6 31. d7 Red8 32. Be2 Nd6 33. Qd2 Nf7 34. Bc4 1-0

[Event "Titled Tuesday intern op 13th Feb Late"]
[Site "Chess.com INT"]
[Date "2024.02.13"]
[Round "8"]
[White "Atanasov, Anthony"]
[Black "Galaktionov, Artem"]
[Result "0-1"]
[WhiteElo "2384"]
[BlackElo "2305"]
[PlyCount "54"]
[EventDate "2024.02.13"]
[EventType "swiss (blitz)"]
[EventRounds "11"]
[EventCountry "USA"]
[SourceTitle "CB08_2024"]
[SourceDate "2024.02.21"]
[SourceVersion "1"]
[SourceVersionDate "2024.02.21"]
[SourceQuality "1"]

1. d4 c6 2. e4 g6 3. Nc3 d6 4. h4 Bg7 5. h5 Qb6 6. Nge2 e5 7. h6 Bf6 8. d5 Be7 9. Be3 Qxb2 10. a3 c5 11. Na4 Qb5 12. c4 Qa5+ 13. Bd2 Qd8 14. f4 Nd7 15. Ng3 exf4 16. Bxf4 Bf6 17. Ra2 Be5 18. Rf2 Ngf6 19. Bd3 Bxf4 20. Rxf4 Ne5 21. 0-0 Nfg4 22. Be2 Ne3 23. Qa1 Nxf1 24. Qxf1 Qg5 25. Kh2 Qxh6+ 26. Kg1 Qg5 27. Kh2 h5 0-1

[Event "Titled Tuesday intern op 13th Feb Early"]
[Site "Chess.com INT"]
[Date "2024.02.13"]
[Round "2"]
[White "Galaktionov, Artem"]
[Black "Garcia Blanco, Omar"]
[Result "1-0"]
[WhiteElo "2305"]
[BlackElo "2375"]
[PlyCount "67"]
[EventDate "2024.02.13"]
[EventType "swiss (blitz)"]
[EventRounds "11"]
[EventCountry "USA"]
[SourceTitle "CB08_2024"]
[SourceDate "2024.02.21"]
[SourceVersion "1"]
[SourceVersionDate "2024.02.21"]
[SourceQuality "1"]

1. d4 d5 2. Nf3 Nf6 3. c4 e6 4. Nc3 Bb4 5. cxd5 exd5 6. Bg5 h6 7. Bxf6 Qxf6 8. e3 c6 9. Bd3 0-0 10. 0-0 Re8 11. a3 Bd6 12. e4 dxe4 13. Nxe4 Qd8 14. Re1 Bf8 15. h3 Be6 16. Nc5 Bxc5 17. dxc5 Nd7 18. b4 Bd5 19. Rxe8+ Qxe8 20. Bf5 Rd8 21. Qd3 Ne5 22. Nxe5 Qxe5 23. Rd1 Re8 24. Bg4 Qf4 25. Qc3 g6 26. Re1 Rxe1+ 27. Qxe1 h5 28. Bc8 b6 29. Qe3 Qc7 30. Ba6 b5 31. Qe8+ Kh7 32. f3 Qf4 33. Kf2 Qe4 34. fxe4 1-0